000 00708nam a2200253 i 4500
001 C2-0101352
003 PPAK
005 20180727095647.0
008 970531s1981 my |||| ||||| | may d
040 _aPPAK
_beng
_cPPAK
_erda
082 0 4 _a025.49
_223
090 0 0 _a025.49
_bSEN
_dG
090 0 0 _a025.49
_bSEN
_dKIH
090 0 0 _a025.49
_bSEN
_dR
245 0 0 _aSenarai tajuk perkara untuk perpustakaan sekolah
264 1 _aKuala Lumpur :
_bDewan Bahasa dan Pustaka ,
_c1981
300 _a320 pages ;
_c22 cm
336 _2rdacontent
_atext
337 _2rdamedia
_aunmediated
338 _2rdacarrier
_avolume
650 1 0 _aSubject heading, Malay
700 1 _aEaton, Kay,
_ecompile
942 _ddc
_cB
999 _c23259
_d23259